Vanguardia, internacionalismo y política : (Record no. 216)
[ view plain ]
| 000 -LEADER | |
|---|---|
| campo de control de longitud fija | 01397mam a2200313 a 4500 |
| 001 - NÚMERO DE CONTROL | |
| campo de control | 3139770 |
| 003 - IDENTIFICADOR DE NÚMERO DE CONTROL | |
| campo de control | ZXMKLWDFBA |
| 005 - FECHA Y HORA DE LA ÚLTIMA TRANSACCIÓN | |
| campo de control | 20220326193255.0 |
| 008 - DATOS DE LONGITUD FIJA--INFORMACIÓN GENERAL | |
| campo de control de longitud fija | 011015s2001 ag a 000 0 spa d |
| 020 ## - NÚMERO INTERNACIONAL ESTÁNDAR DEL LIBRO | |
| Número Internacional Estándar del Libro | 9501265226 |
| 035 ## - NÚMERO DE CONTROL DEL SISTEMA | |
| Número de control de sistema | (OCoLC)49320249 |
| 035 ## - NÚMERO DE CONTROL DEL SISTEMA | |
| Número de control de sistema | (OCoLC)ocm49320249 |
| 035 ## - NÚMERO DE CONTROL DEL SISTEMA | |
| Número de control de sistema | (NNC)3139770 |
| 040 ## - FUENTE DE CATALOGACIÓN | |
| Centro catalogador/agencia de origen | *U@S* |
| Centro/agencia transcriptor | *U@S* |
| Centro/agencia modificador | CU |
| -- | CStRLIN |
| -- | NNC |
| 082 ## - NÚMERO DE LA CLASIFICACIÓN DECIMAL DEWEY | |
| Número de clasificación | 709.982 |
| Número de ítem | G537v |
| 100 1# - ENTRADA PRINCIPAL--NOMBRE DE PERSONA | |
| Nombre de persona | Giunta, Andrea. |
| 9 (RLIN) | 943 |
| 245 10 - MENCIÓN DEL TÍTULO | |
| Título | Vanguardia, internacionalismo y política : |
| Resto del título | arte argentino en los a~nos sesenta / |
| Mención de responsabilidad, etc. | Andrea Giunta. |
| 260 ## - PUBLICACIÓN, DISTRIBUCIÓN, ETC. | |
| Lugar de publicación, distribución, etc. | Buenos Aires : |
| Nombre del editor, distribuidor, etc. | Paidós, |
| Fecha de publicación, distribución, etc. | 2001. |
| 300 ## - DESCRIPCIÓN FÍSICA | |
| Extensión | 412 p. : |
| Otras características físicas | il. ; |
| Dimensiones | 23 cm. |
| 490 1# - MENCIÓN DE SERIE | |
| Mención de serie | Espacios del saber ; |
| Designación de volumen o secuencia | 22 |
| 504 ## - NOTA DE BIBLIOGRAFÍA, ETC. | |
| Nota de bibliografía, etc. | Incluye referencias bibliográficas (p. 385-404) e índice. |
| 505 0# - NOTA DE CONTENIDO CON FORMATO | |
| Nota de contenido con formato | Arte moderno en los márgenes del peronismo -- Proclamas y programas durante la Libertadora -- La escena del arte "nuevo" -- La vanguardia como problema --El descentramiento del paradigma modernista -- Estrategias de internacionalización -- Aporías del internacionalismo -- La vanguardia entre el arte y la política. |
| 650 #0 - PUNTO DE ACCESO ADICIONAL DE MATERIA--TÉRMINO DE MATERIA | |
| Término de materia o nombre geográfico como elemento de entrada | Art |
| Subdivisión general | Political aspects. |
| 9 (RLIN) | 201 |
| 650 #0 - PUNTO DE ACCESO ADICIONAL DE MATERIA--TÉRMINO DE MATERIA | |
| Término de materia o nombre geográfico como elemento de entrada | arte argentino |
| Subdivisión general | arte-politica |
| -- | estetica-arte-historia |
| Subdivisión cronológica | s. XX |
| 9 (RLIN) | 1002 |
| 650 #0 - PUNTO DE ACCESO ADICIONAL DE MATERIA--TÉRMINO DE MATERIA | |
| Término de materia o nombre geográfico como elemento de entrada | Art and society |
| Subdivisión geográfica | Argentina |
| Subdivisión cronológica | 20th century. |
| 9 (RLIN) | 1003 |
| 651 #0 - PUNTO DE ACCESO ADICIONAL DE MATERIA--NOMBRE GEOGRÁFICO | |
| Nombre geográfico | Argentina |
| Subdivisión general | Intellectual life |
| Subdivisión cronológica | 20th century. |
| 9 (RLIN) | 1004 |
| 830 #0 - PUNTO DE ACCESO ADICIONAL DE SERIE-TÍTULO UNIFORME | |
| Título uniforme | Espacios del saber ; |
| Designación de volumen o secuencia | 22. |
| 9 (RLIN) | 1005 |
| Estatus retirado | Estado de pérdida | Fuente del sistema de clasificación o colocación | Estado de daño | No para préstamo | Biblioteca de origen | Biblioteca actual | Ubicación en estantería | Fecha de adquisición | Total de préstamos | Signatura topográfica completa | Código de barras | Visto por última vez | Precio de reemplazo | Tipo de ítem Koha |
|---|---|---|---|---|---|---|---|---|---|---|---|---|---|---|
| Clasificación Decimal Dewey | Biblioteca LadoV | Biblioteca LadoV | 09/06/2014 | 709.982 G537v | 000225 | 09/06/2014 | 09/06/2014 | Material 01 |
